| 000 | 00603nam a2200229 a 4500 | ||
|---|---|---|---|
| 999 |
_c4900 _d4900 |
||
| 001 | 4900 | ||
| 003 | BD-JhCC | ||
| 005 | 20220822134023.0 | ||
| 008 | 171205s1959 e a|||| || | 001 0 eng d | ||
| 035 | _a(BD-JhCC)4900 | ||
| 040 |
_aBD-JhCC _dBD-JhCC |
||
| 041 | _aeng | ||
| 082 |
_a516 _bWILL 1959 |
||
| 100 | _aWillmore, T. J. | ||
| 245 |
_aDIfferential Geometry : _bAn Introduction to / _cT. J. Willmore, |
||
| 260 |
_aLondon : _bOxford University Press, _c1959. |
||
| 300 |
_a317 p. : _bill. ; _c22 cm. |
||
| 504 | _aIncludes Index | ||
| 650 | _aGeometry | ||
| 942 |
_2ddc _cBK _01 |
||